<?xml version="1.0" encoding="UTF-8"?>
<record
    xmlns:xsi="http://www.w3.org/2001/XMLSchema-instance"
    xsi:schemaLocation="http://www.loc.gov/MARC21/slim http://www.loc.gov/standards/marcxml/schema/MARC21slim.xsd"
    xmlns="http://www.loc.gov/MARC21/slim">

  <leader>00511    a2200169   4500</leader>
  <datafield tag="999" ind1=" " ind2=" ">
    <subfield code="c">194</subfield>
    <subfield code="d">194</subfield>
  </datafield>
  <controlfield tag="008">220322b           ||||| |||| 00| 0 eng d</controlfield>
  <datafield tag="020" ind1=" " ind2=" ">
    <subfield code="a">9781408112113</subfield>
  </datafield>
  <datafield tag="082" ind1="0" ind2="0">
    <subfield code="a">623.85</subfield>
    <subfield code="b">E532</subfield>
  </datafield>
  <datafield tag="100" ind1=" " ind2=" ">
    <subfield code="a">Embleton, William</subfield>
  </datafield>
  <datafield tag="245" ind1=" " ind2=" ">
    <subfield code="a">Instruments and control systems for deck officers /</subfield>
  </datafield>
  <datafield tag="250" ind1=" " ind2=" ">
    <subfield code="a">5th ed.</subfield>
  </datafield>
  <datafield tag="260" ind1=" " ind2=" ">
    <subfield code="a">London: </subfield>
    <subfield code="b">Adlard Coles Nautical, </subfield>
    <subfield code="c">2016.</subfield>
  </datafield>
  <datafield tag="300" ind1=" " ind2=" ">
    <subfield code="a">240 p.</subfield>
  </datafield>
  <datafield tag="650" ind1=" " ind2="0">
    <subfield code="a">Nautical instruments</subfield>
  </datafield>
  <datafield tag="700" ind1=" " ind2=" ">
    <subfield code="9">932</subfield>
    <subfield code="a">Morton, Thomas D.</subfield>
  </datafield>
  <datafield tag="942" ind1=" " ind2=" ">
    <subfield code="2">ddc</subfield>
    <subfield code="c">BK</subfield>
  </datafield>
  <datafield tag="952" ind1=" " ind2=" ">
    <subfield code="0">0</subfield>
    <subfield code="1">0</subfield>
    <subfield code="2">ddc</subfield>
    <subfield code="4">0</subfield>
    <subfield code="6">623_850000000000000_E532</subfield>
    <subfield code="7">0</subfield>
    <subfield code="9">901</subfield>
    <subfield code="a">CL</subfield>
    <subfield code="b">CL</subfield>
    <subfield code="d">2018-05-21</subfield>
    <subfield code="e">Sterling Book House</subfield>
    <subfield code="g">1199.25</subfield>
    <subfield code="o">623.85 E532</subfield>
    <subfield code="p">13204</subfield>
    <subfield code="r">2019-09-16</subfield>
    <subfield code="v">1599.00</subfield>
    <subfield code="y">BK</subfield>
  </datafield>
  <datafield tag="952" ind1=" " ind2=" ">
    <subfield code="0">0</subfield>
    <subfield code="1">0</subfield>
    <subfield code="2">ddc</subfield>
    <subfield code="4">0</subfield>
    <subfield code="6">623_850000000000000_E532</subfield>
    <subfield code="7">0</subfield>
    <subfield code="9">902</subfield>
    <subfield code="a">CL</subfield>
    <subfield code="b">CL</subfield>
    <subfield code="d">2018-05-21</subfield>
    <subfield code="e">Sterling Book House</subfield>
    <subfield code="g">1199.25</subfield>
    <subfield code="o">623.85 E532</subfield>
    <subfield code="p">13205</subfield>
    <subfield code="r">2019-09-16</subfield>
    <subfield code="v">1599.00</subfield>
    <subfield code="y">BK</subfield>
  </datafield>
  <datafield tag="952" ind1=" " ind2=" ">
    <subfield code="0">0</subfield>
    <subfield code="1">0</subfield>
    <subfield code="2">ddc</subfield>
    <subfield code="4">0</subfield>
    <subfield code="6">623_850000000000000_E532</subfield>
    <subfield code="7">0</subfield>
    <subfield code="9">903</subfield>
    <subfield code="a">CL</subfield>
    <subfield code="b">CL</subfield>
    <subfield code="d">2018-05-21</subfield>
    <subfield code="e">Sterling Book House</subfield>
    <subfield code="g">1199.25</subfield>
    <subfield code="o">623.85 E532</subfield>
    <subfield code="p">13206</subfield>
    <subfield code="r">2019-09-16</subfield>
    <subfield code="v">1599.00</subfield>
    <subfield code="y">BK</subfield>
  </datafield>
  <datafield tag="952" ind1=" " ind2=" ">
    <subfield code="0">0</subfield>
    <subfield code="1">0</subfield>
    <subfield code="2">ddc</subfield>
    <subfield code="4">0</subfield>
    <subfield code="6">623_850000000000000_E532</subfield>
    <subfield code="7">0</subfield>
    <subfield code="9">904</subfield>
    <subfield code="a">CL</subfield>
    <subfield code="b">CL</subfield>
    <subfield code="d">2018-05-21</subfield>
    <subfield code="e">Sterling Book House</subfield>
    <subfield code="g">1199.25</subfield>
    <subfield code="o">623.85 E532</subfield>
    <subfield code="p">13207</subfield>
    <subfield code="r">2019-09-16</subfield>
    <subfield code="v">1599.00</subfield>
    <subfield code="y">BK</subfield>
  </datafield>
</record>
